[Event "33. Open Barbera del Valles 2010"]
[Site "Barbera del Valles ESP"]
[Date "2010.07.08"]
[Round "5.15"]
[White "Mestre Bellido, Hector"]
[Black "Uribe Arteaga, Daniel"]
[Result "1/2-1/2"]
[WhiteElo "2404"]
[BlackElo "2233"]
[PlyCount "102"]
[EventDate "2010.07.04"]
[EventType "swiss"]
[EventRounds "9"]
[EventCountry "ESP"]
[Source "lmi"]
[SourceDate "2010.07.04"]

1. e4 c5 2. Nf3 d6 3. d4 cxd4 4. Nxd4 Nf6 5. Nc3 g6 6. Be2 Bg7 7. O-O O-O 8.
Nb3 Nc6 9. Bg5 Be6 10. f4 Qc8 11. Bf3 a5 12. Nd5 a4 13. Nb6 Qc7 14. Nxa8 Rxa8
15. Nd2 Qb6+ 16. Kh1 Qxb2 17. Rb1 Qxa2 18. Rxb7 Rc8 19. f5 Bc4 20. Nxc4 Qxc4
21. Qd3 Ne5 22. Qxc4 Rxc4 23. Rb8+ Bf8 24. Bh6 Nfd7 25. Ra8 f6 26. fxg6 hxg6
27. Ra1 Rxc2 28. Bd1 Rc3 29. Bxa4 Kf7 30. Bf4 Nc5 31. Bxe5 dxe5 32. Bc6 Re3 33.
Be8+ Kg7 34. Bxg6 Kxg6 35. Rxf8 Rxe4 36. Rg8+ Kf7 37. Rg3 Re2 38. Kg1 Ne6 39.
Rf3 Nf4 40. Rf2 Re4 41. Rd1 Re3 42. Kf1 Ke6 43. g3 Nh5 44. Kg2 f5 45. Rdf1 f4
46. gxf4 exf4 47. Rxf4 Nxf4+ 48. Rxf4 Ke5 49. Rf7 Ke6 50. Rf2 Re5 51. Kg3 Rf5
1/2-1/2

[Event "33. Open Barbera del Valles 2010"]
[Site "Barbera del Valles ESP"]
[Date "2010.07.08"]
[Round "5.16"]
[White "Ortega Serra, Marc"]
[Black "Gagarin, Vasilij"]
[Result "0-1"]
[WhiteElo "2223"]
[BlackElo "2403"]
[PlyCount "52"]
[EventDate "2010.07.04"]
[EventType "swiss"]
[EventRounds "9"]
[EventCountry "ESP"]
[Source "lmi"]
[SourceDate "2010.07.04"]

1. d4 Nf6 2. c4 e6 3. Nf3 d5 4. e3 Be7 5. Nc3 O-O 6. Bd3 dxc4 7. Bxc4 a6 8. a4
c5 9. O-O Nc6 10. dxc5 Bxc5 11. Qe2 Qc7 12. Rd1 b6 13. Bd3 Bb7 14. h3 Ne5 15.
Nxe5 Qxe5 16. Kh1 Rfd8 17. f4 Qh5 18. Qxh5 Nxh5 19. Rb1 Nf6 20. b4 Be7 21. e4
Nxe4 22. Nxe4 Bxe4 23. Rb3 Bxd3 24. Rdxd3 Rxd3 25. Rxd3 Bxb4 26. Be3 Bc5 0-1

[Event "33. Open Barbera del Valles 2010"]
[Site "Barbera del Valles ESP"]
[Date "2010.07.08"]
[Round "5.17"]
[White "Fenollar Jorda, Manuel"]
[Black "Sayrol Clols, Jose M"]
[Result "1-0"]
[WhiteElo "2369"]
[BlackElo "2099"]
[PlyCount "91"]
[EventDate "2010.07.04"]
[EventType "swiss"]
[EventRounds "9"]
[EventCountry "ESP"]
[Source "lmi"]
[SourceDate "2010.07.04"]

1. e4 c5 2. Nf3 Nc6 3. d4 cxd4 4. Nxd4 Nf6 5. Nc3 e5 6. Ndb5 d6 7. Bg5 a6 8.
Na3 b5 9. Nd5 Be7 10. Bxf6 Bxf6 11. c3 Bg5 12. Nc2 O-O 13. a4 bxa4 14. Rxa4 a5
15. Bb5 Bd7 16. O-O Rb8 17. Na3 Kh8 18. Rc4 Nb4 19. Bxd7 Nxd5 20. Qxd5 Qxd7 21.
Rc6 Qe6 22. Nc4 Qxd5 23. exd5 Be7 24. Ra1 Rb3 25. Rxa5 Rfb8 26. g3 f5 27. Ra7
Bf8 28. Rca6 g5 29. Nxd6 Rxb2 30. Nf7+ Kg8 31. Nh6+ Bxh6 32. Rxh6 Rd2 33. Rd6
f4 34. gxf4 exf4 35. Kg2 g4 36. Rdd7 h5 37. Rg7+ Kh8 38. Rh7+ Kg8 39. Rhd7 Re8
40. c4 Kh8 41. d6 h4 42. Rh7+ Kg8 43. Rag7+ Kf8 44. Rxg4 f3+ 45. Kh3 Rxd6 46.
Rh8+ 1-0

[Event "33. Open Barbera del Valles 2010"]
[Site "Barbera del Valles ESP"]
[Date "2010.07.08"]
[Round "5.18"]
[White "Aderito, Pedro"]
[Black "Nicolas Zapata, Irene"]
[Result "1-0"]
[WhiteElo "2333"]
[BlackElo "1962"]
[PlyCount "119"]
[EventDate "2010.07.04"]
[EventType "swiss"]
[EventRounds "9"]
[EventCountry "ESP"]
[Source "lmi"]
[SourceDate "2010.07.04"]

1. e4 c5 2. Nf3 Nc6 3. d4 cxd4 4. Nxd4 g6 5. Nc3 Bg7 6. Be3 Nf6 7. f3 O-O 8.
Qd2 d5 9. Nxc6 bxc6 10. O-O-O Qc7 11. Bh6 Bxh6 12. Qxh6 Rb8 13. Qe3 dxe4 14.
Nxe4 Nxe4 15. Qxe4 Bf5 16. Qe3 Qa5 17. Bc4 Qb4 18. Bb3 a5 19. a3 Qb5 20. Qc3
Rb7 21. Rhe1 a4 22. Re5 Qb6 23. Bxa4 Be6 24. Rxe6 fxe6 25. Bb3 Rf6 26. Qe5 Kf7
27. Re1 c5 28. Bc4 Rd7 29. g4 Rd6 30. f4 Rd4 31. b3 Rdxf4 32. g5 Rxc4 33. bxc4
Rf5 34. Qh8 Qa5 35. Qxh7+ Kf8 36. Re3 Rf2 37. Kb2 Qd2 38. Qh8+ Kf7 39. Qc3 Qd1
40. Kb3 Qb1+ 41. Qb2 Qd1 42. Qc3 Qb1+ 43. Qb2 Qd1 44. Rh3 Rf3+ 45. Rxf3+ Qxf3+
46. Qc3 Qb7+ 47. Ka2 Qa7 48. h4 Qa6 49. Qf3+ Kg7 50. Qe4 Qa4 51. Kb2 Qa7 52.
Qxe6 Qc7 53. Kb3 Qb7+ 54. Ka4 Kf8 55. Qxg6 Qd7+ 56. Kb3 Qh3+ 57. Ka4 Qd7+ 58.
Ka5 Qd2+ 59. Kb5 Qc3 60. Qf5+ 1-0

[Event "33. Open Barbera del Valles 2010"]
[Site "Barbera del Valles ESP"]
[Date "2010.07.08"]
[Round "5.20"]
[White "Jareno Badenas, Aleix"]
[Black "Chueca Forcen, Alberto"]
[Result "0-1"]
[WhiteElo "1967"]
[BlackElo "2280"]
[PlyCount "64"]
[EventDate "2010.07.04"]
[EventType "swiss"]
[EventRounds "9"]
[EventCountry "ESP"]
[Source "lmi"]
[SourceDate "2010.07.04"]

1. e4 Nf6 2. e5 Nd5 3. d4 d6 4. c4 Nb6 5. f4 dxe5 6. fxe5 Nc6 7. Be3 Bf5 8. Nc3
e6 9. Nf3 Qd7 10. c5 Nd5 11. Bf2 Ncb4 12. Rc1 Nf4 13. a3 Nbd3+ 14. Bxd3 Nxd3+
15. Ke2 Nxc1+ 16. Qxc1 Be7 17. Rd1 O-O 18. h3 b6 19. b4 a5 20. d5 axb4 21. axb4
bxc5 22. bxc5 exd5 23. Nxd5 Qb5+ 24. Ke1 Bd8 25. Qf4 Be6 26. Nf6+ Kh8 27. Qh4
Bf5 28. Nd4 Qb4+ 29. Kf1 Bg6 30. Qg5 Qxc5 31. Qf4 Qc4+ 32. Kg1 c5 0-1

[Event "33. Open Barbera del Valles 2010"]
[Site "Barbera del Valles ESP"]
[Date "2010.07.08"]
[Round "5.21"]
[White "Sanchez Ibern, Marc"]
[Black "Sanglas Clariana, Josep"]
[Result "1-0"]
[WhiteElo "2255"]
[BlackElo "2207"]
[PlyCount "65"]
[EventDate "2010.07.04"]
[EventType "swiss"]
[EventRounds "9"]
[EventCountry "ESP"]
[Source "lmi"]
[SourceDate "2010.07.04"]

1. e4 c5 2. Nf3 Nc6 3. d4 cxd4 4. Nxd4 g6 5. Nc3 Bg7 6. Nxc6 bxc6 7. Bc4 d6 8.
O-O Nf6 9. e5 dxe5 10. Qxd8+ Kxd8 11. Re1 e6 12. Bg5 Kc7 13. Rxe5 Nd5 14. Re2
Nxc3 15. Bf4+ e5 16. Rxe5 Kd8 17. Bg5+ f6 18. bxc3 Bd7 19. Re3 fxg5 20. Rd1 a5
21. Be6 Ra7 22. Red3 Re8 23. Bxd7 Re7 24. Bxc6+ Kc7 25. Bb5 Kb6 26. a4 Rac7 27.
Rd6+ Kb7 28. c4 Re2 29. c5 Rxc2 30. Rb6+ Ka7 31. Ra6+ Kb8 32. Rd8+ Rc8 33. Rb6+
1-0

[Event "33. Open Barbera del Valles 2010"]
[Site "Barbera del Valles ESP"]
[Date "2010.07.08"]
[Round "5.22"]
[White "Tallo Dominguez, Imar"]
[Black "Subirats Ruiz, Sergi"]
[Result "1/2-1/2"]
[WhiteElo "2204"]
[BlackElo "2138"]
[PlyCount "84"]
[EventDate "2010.07.04"]
[EventType "swiss"]
[EventRounds "9"]
[EventCountry "ESP"]
[Source "lmi"]
[SourceDate "2010.07.04"]

1. e4 e5 2. Nf3 Qe7 3. Nc3 c6 4. d4 d6 5. h3 Qc7 6. Be3 Nf6 7. Bd3 Be7 8. Ne2
Nbd7 9. c3 Nf8 10. Ng3 h5 11. c4 h4 12. Ne2 Ng6 13. Rc1 Bd7 14. Qd2 Nh5 15. c5
exd4 16. Bg5 dxc5 17. Bxe7 Nxe7 18. Rxc5 Qd6 19. b4 b6 20. e5 Qh6 21. Rc4 Qxd2+
22. Kxd2 f6 23. Rxd4 O-O-O 24. Kc2 Bf5 25. Rd1 Rxd4 26. Bxf5+ Nxf5 27. Nexd4
Nxd4+ 28. Rxd4 g5 29. Rg4 Re8 30. exf6 Nxf6 31. Rxg5 Re2+ 32. Kb3 Rxf2 33. Nxh4
Ne4 34. Rf5 Re2 35. a4 Re3+ 36. Kc2 Rc3+ 37. Kb2 Rc4 38. Rf4 Rxb4+ 39. Ka3 a5
40. Nf5 Kd7 41. Rh4 b5 42. axb5 cxb5 1/2-1/2

[Event "33. Open Barbera del Valles 2010"]
[Site "Barbera del Valles ESP"]
[Date "2010.07.08"]
[Round "5.23"]
[White "Colon Garcia, Enrique"]
[Black "Do Santos Julio, Joao Manuel"]
[Result "0-1"]
[WhiteElo "2314"]
[BlackElo "2122"]
[PlyCount "74"]
[EventDate "2010.07.04"]
[EventType "swiss"]
[EventRounds "9"]
[EventCountry "ESP"]
[Source "lmi"]
[SourceDate "2010.07.04"]

1. e4 c5 2. Nf3 a6 3. c4 d6 4. d4 cxd4 5. Nxd4 g6 6. Nc3 Bg7 7. Be3 Nf6 8. Be2
Nc6 9. O-O O-O 10. Rc1 Re8 11. Qd2 Ng4 12. Bxg4 Bxg4 13. f3 Bd7 14. Rfd1 Rc8
15. Nd5 Ne5 16. b3 e6 17. Nc3 Qa5 18. h3 Red8 19. Qf2 b5 20. f4 Nc6 21. cxb5
Nxd4 22. Bxd4 Bxd4 23. Qxd4 axb5 24. e5 dxe5 25. Qxe5 Bc6 26. Kh2 Rxd1 27. Rxd1
Bxg2 28. Kxg2 Rxc3 29. Qb8+ Kg7 30. Qe5+ f6 31. Qe2 Qa8+ 32. Kh2 Qc6 33. Rd2
Qc7 34. Qe4 g5 35. Kg2 gxf4 36. Qxe6 f3+ 37. Kf1 Rc1+ 0-1

[Event "33. Open Barbera del Valles 2010"]
[Site "Barbera del Valles ESP"]
[Date "2010.07.08"]
[Round "5.24"]
[White "Ridameya Tatche, Jose Miguel"]
[Black "Capellades Subirana, Marc"]
[Result "1-0"]
[WhiteElo "2060"]
[BlackElo "2268"]
[PlyCount "91"]
[EventDate "2010.07.04"]
[EventType "swiss"]
[EventRounds "9"]
[EventCountry "ESP"]
[Source "lmi"]
[SourceDate "2010.07.04"]

1. e4 e5 2. Nf3 Nc6 3. Bb5 Bc5 4. c3 Qf6 5. O-O Nge7 6. d4 exd4 7. Bxc6 dxc6 8.
cxd4 Bb6 9. Bg5 Qe6 10. Re1 f6 11. Bf4 O-O 12. Nc3 Qg4 13. Be3 Be6 14. Qe2 Rae8
15. Rad1 Qh5 16. h3 Ba5 17. Bf4 Qf7 18. a3 Bb3 19. Rc1 Nd5 20. Bd2 Nxc3 21.
Bxc3 Bxc3 22. Rxc3 Be6 23. Qc2 Re7 24. Qa4 a6 25. Qb4 Bc8 26. Rce3 Rfe8 27. Qc3
h6 28. Nd2 Kh8 29. f4 Rg8 30. Qc5 Qe8 31. Qc3 Kh7 32. Nf3 g5 33. f5 Qf7 34. Nd2
Rge8 35. g4 h5 36. e5 hxg4 37. hxg4 c5 38. dxc5 Rd8 39. exf6 Rxe3 40. Rxe3 Qd5
41. Rh3+ Kg8 42. f7+ Kf8 43. Qh8+ Ke7 44. f6+ Ke6 45. Re3+ Kd7 46. Qe8+ 1-0

[Event "33. Open Barbera del Valles 2010"]
[Site "Barbera del Valles ESP"]
[Date "2010.07.08"]
[Round "5.25"]
[White "Martin Sanchez, Enric"]
[Black "Nunez Lucero, Francisco"]
[Result "1-0"]
[WhiteElo "2044"]
[BlackElo "2178"]
[PlyCount "85"]
[EventDate "2010.07.04"]
[EventType "swiss"]
[EventRounds "9"]
[EventCountry "ESP"]
[Source "lmi"]
[SourceDate "2010.07.04"]

1. e4 e6 2. d4 d5 3. exd5 exd5 4. Nf3 Bd6 5. Bd3 Ne7 6. O-O Bg4 7. Re1 Nbc6 8.
c3 Qd7 9. b4 a6 10. Nbd2 O-O 11. Qc2 Bf5 12. Nf1 Bxd3 13. Qxd3 Qf5 14. Qxf5
Nxf5 15. g4 Nfe7 16. Ne3 f6 17. Bd2 Na7 18. a4 c6 19. c4 Rfe8 20. c5 Bf4 21.
Nf5 Bxd2 22. Nxe7+ Kf7 23. Nxd2 Rxe7 24. Rxe7+ Kxe7 25. Nb3 Rb8 26. Re1+ Kf7
27. Nc1 b6 28. cxb6 Rxb6 29. Nd3 Nc8 30. Rc1 Nd6 31. a5 Rb7 32. Rxc6 Nb5 33.
Rxa6 Nxd4 34. Rb6 Ra7 35. a6 Ke8 36. Nc5 Kd8 37. Rd6+ Kc7 38. Rxd5 Nc6 39. b5
Ne5 40. Na4 Nd7 41. Rxd7+ Kxd7 42. b6 Rxa6 43. Nc5+ 1-0

[Event "33. Open Barbera del Valles 2010"]
[Site "Barbera del Valles ESP"]
[Date "2010.07.08"]
[Round "5.26"]
[White "Chuturkov, Marinko"]
[Black "Navarrete Espi, Samuel"]
[Result "0-1"]
[WhiteElo "2145"]
[BlackElo "2057"]
[PlyCount "65"]
[EventDate "2010.07.04"]
[EventType "swiss"]
[EventRounds "9"]
[EventCountry "ESP"]
[Source "lmi"]
[SourceDate "2010.07.04"]

1. Nf3 Nf6 2. g3 g6 3. Bg2 Bg7 4. O-O O-O 5. d3 d5 6. Nbd2 c6 7. e4 Qc7 8. Qe2
Na6 9. Re1 dxe4 10. dxe4 Rd8 11. Nc4 Nc5 12. Bf4 Qd7 13. Rad1 Qe8 14. e5 Nd5
15. Ne3 Nxf4 16. gxf4 Ne6 17. Qc4 Bh6 18. f5 Ng5 19. Nd4 gxf5 20. Nexf5 Bg7 21.
Nxg7 Kxg7 22. Nxc6 bxc6 23. Bxc6 Be6 24. Qa4 Qf8 25. h4 Nh3+ 26. Kh2 Rab8 27.
Bd7 Bxd7 28. Rxd7 Nf4 29. e6 Nxe6 30. Qg4+ Kh8 31. Rxa7 Qg7 32. Qxg7+ Kxg7 33.
b3 0-1

[Event "33. Open Barbera del Valles 2010"]
[Site "Barbera del Valles ESP"]
[Date "2010.07.08"]
[Round "5.27"]
[White "Ezquerro Luque, Albert"]
[Black "Costa Trave, Jaume"]
[Result "1-0"]
[WhiteElo "1981"]
[BlackElo "2084"]
[PlyCount "64"]
[EventDate "2010.07.04"]
[EventType "swiss"]
[EventRounds "9"]
[EventCountry "ESP"]
[Source "lmi"]
[SourceDate "2010.07.04"]

1. e4 b6 2. Nc3 Bb7 3. d4 e6 4. Nf3 Nf6 5. Bd3 c5 6. e5 cxd4 7. Nxd4 Nd5 8.
Nxd5 Bxd5 9. O-O a6 10. Be3 Be7 11. Qg4 Bf8 12. Be4 Bxe4 13. Qxe4 Ra7 14. f4 d5
15. exd6 Bxd6 16. f5 e5 17. f6 gxf6 18. Nf5 Be7 19. Ng7+ Kf8 20. Bh6 Bc5+ 21.
Kh1 Ke7 22. Nh5 Qd4 23. Qf5 Nd7 24. Nxf6 e4 25. Rad1 Nxf6 26. Rxd4 Bxd4 27. Bg5
Re8 28. Bxf6+ Bxf6 29. Qxf6+ Kf8 30. Qh8+ Ke7 31. Qxh7 Kf8 32. Re1 Rd7 1-0

[Event "33. Open Barbera del Valles 2010"]
[Site "Barbera del Valles ESP"]
[Date "2010.07.09"]
[Round "6.2"]
[White "Oms Pallisse, Josep"]
[Black "Bruzon Batista, Lazaro"]
[Result "1/2-1/2"]
[WhiteElo "2494"]
[BlackElo "2653"]
[PlyCount "69"]
[EventDate "2010.07.04"]
[EventType "swiss"]
[EventRounds "9"]
[EventCountry "ESP"]
[Source "lmi"]
[SourceDate "2010.07.04"]

1. d4 d5 2. c4 e6 3. Nc3 Bb4 4. cxd5 exd5 5. Bf4 Nf6 6. e3 O-O 7. Bd3 Bg4 8.
Nge2 Nh5 9. Bg3 c5 10. dxc5 Nd7 11. Bd6 Re8 12. O-O Nxc5 13. Bxc5 Bxc5 14. Nxd5
Qg5 15. Qb3 Be6 16. Bc4 b5 17. Qxb5 Bxd5 18. Bxd5 Qxd5 19. Rac1 Qxa2 20. Qxc5
Nf6 21. Qa3 Qxa3 22. bxa3 Re5 23. Rfd1 Ra5 24. Rd3 g6 25. Nd4 Rb8 26. g3 Rb2
27. Rc2 Rxc2 28. Nxc2 Rb5 29. Rd4 Rb2 30. Nb4 Rb1+ 31. Kg2 Ra1 32. Nc2 Rc1 33.
Nb4 Ra1 34. Nc2 Rc1 35. Nb4 1/2-1/2

[Event "33. Open Barbera del Valles 2010"]
[Site "Barbera del Valles ESP"]
[Date "2010.07.09"]
[Round "6.3"]
[White "Fluvia Poyatos, Jordi"]
[Black "Iturrizaga, Eduardo"]
[Result "0-1"]
[WhiteElo "2467"]
[BlackElo "2614"]
[PlyCount "56"]
[EventDate "2010.07.04"]
[EventType "swiss"]
[EventRounds "9"]
[EventCountry "ESP"]
[Source "lmi"]
[SourceDate "2010.07.04"]

1. d4 Nf6 2. c4 e6 3. g3 c5 4. Nf3 cxd4 5. Nxd4 Bb4+ 6. Bd2 Be7 7. Bg2 Nc6 8.
Nc2 O-O 9. O-O d5 10. cxd5 exd5 11. Bg5 h6 12. Bxf6 Bxf6 13. Nc3 d4 14. Nd5 Bf5
15. Ncb4 Re8 16. Re1 Rc8 17. Rc1 Bg5 18. Rc5 Qd6 19. Rb5 Nxb4 20. Rxb4 Rc1 21.
Qxc1 Bxc1 22. Rxc1 Rxe2 23. Rxd4 Rxb2 24. a4 Rb1 25. Rxb1 Bxb1 26. Rb4 Ba2 27.
Rb2 Bxd5 28. Rd2 Qe5 0-1

[Event "33. Open Barbera del Valles 2010"]
[Site "Barbera del Valles ESP"]
[Date "2010.07.09"]
[Round "6.4"]
[White "Almeida Quintana, Omar"]
[Black "Perez Mitjans, Orelvis"]
[Result "1-0"]
[WhiteElo "2559"]
[BlackElo "2424"]
[PlyCount "61"]
[EventDate "2010.07.04"]
[EventType "swiss"]
[EventRounds "9"]
[EventCountry "ESP"]
[Source "lmi"]
[SourceDate "2010.07.04"]

1. d4 d5 2. c4 c6 3. Nf3 Nf6 4. Nc3 e6 5. Bg5 dxc4 6. a4 Bb4 7. e4 b5 8. e5 h6
9. exf6 hxg5 10. fxg7 Rg8 11. h4 gxh4 12. Rxh4 Qf6 13. g3 Nd7 14. Bg2 Bb7 15.
Nd2 Rb8 16. Rf4 Qe7 17. Kf1 Bd6 18. Rh4 f5 19. axb5 cxb5 20. d5 Nf6 21. Rxa7
Bc5 22. Rxb7 Qxb7 23. dxe6 Qxg7 24. Qf3 Qe7 25. Qxf5 Rf8 26. Bc6+ Kd8 27. Nd5
Nxd5 28. Qxd5+ Kc7 29. Ne4 Bxf2 30. Nxf2 Qf6 31. Rh7+ 1-0

[Event "33. Open Barbera del Valles 2010"]
[Site "Barbera del Valles ESP"]
[Date "2010.07.09"]
[Round "6.5"]
[White "Gongora Reyes, Maikel"]
[Black "Cabrera, Alexis"]
[Result "1-0"]
[WhiteElo "2451"]
[BlackElo "2533"]
[PlyCount "83"]
[EventDate "2010.07.04"]
[EventType "swiss"]
[EventRounds "9"]
[EventCountry "ESP"]
[Source "lmi"]
[SourceDate "2010.07.04"]

1. Nf3 Nf6 2. d4 g6 3. c4 Bg7 4. Nc3 O-O 5. e4 d6 6. h3 Na6 7. Bg5 Qe8 8. Be2
e5 9. d5 Nh5 10. g3 f5 11. Nh4 fxe4 12. Nxe4 Nc5 13. Nxc5 dxc5 14. Be3 b6 15.
Qd2 Rf7 16. Nf3 Nf6 17. Ng5 Rf8 18. Bg4 Nxg4 19. hxg4 Bxg4 20. Rxh7 Bh5 21. Qc2
Rf6 22. Qe4 Qd7 23. f3 Bxf3 24. Rxg7+ Kxg7 25. Nxf3 Raf8 26. Nd2 Rh8 27. O-O-O
Qf5 28. Qg2 Qd3 29. Qe4 Qxe4 30. Nxe4 Rf3 31. Bd2 Rh2 32. Re1 Kg8 33. Bc3 Rf5
34. g4 Rf3 35. Bxe5 Rg2 36. g5 Rf7 37. Bf6 Rd7 38. Nc3 Rh7 39. Re8+ Kf7 40.
Re7+ Kg8 41. Rxh7 Kxh7 42. Nb5 1-0

[Event "33. Open Barbera del Valles 2010"]
[Site "Barbera del Valles ESP"]
[Date "2010.07.09"]
[Round "6.6"]
[White "Huerga Leache, Mikel"]
[Black "Gonzalez Vidal, Yuri"]
[Result "1/2-1/2"]
[WhiteElo "2424"]
[BlackElo "2522"]
[PlyCount "76"]
[EventDate "2010.07.04"]
[EventType "swiss"]
[EventRounds "9"]
[EventCountry "ESP"]
[Source "lmi"]
[SourceDate "2010.07.04"]

1. e4 c5 2. Nf3 d6 3. d4 cxd4 4. Nxd4 Nf6 5. f3 e5 6. Nb3 Be6 7. c4 Nbd7 8. Nc3
Be7 9. Be3 O-O 10. Be2 a6 11. O-O Qb8 12. Qd2 Rc8 13. Nd5 Bd8 14. Rfd1 Bxd5 15.
cxd5 a5 16. a4 Bb6 17. Bxb6 Nxb6 18. Bb5 Qa7 19. Qf2 Ne8 20. Bxe8 Rxe8 21. Rdc1
Rac8 22. Rxc8 Rxc8 23. Rc1 Rxc1+ 24. Nxc1 Kf8 25. b3 Ke7 26. Kf1 Qa6+ 27. Qe2
Qxe2+ 28. Kxe2 f5 29. Nd3 fxe4 30. fxe4 Nd7 31. Kd2 Nf6 32. Nf2 Kd8 33. Kd3 Kc7
34. Kc4 Kb6 35. Kc3 Kc5 36. Nd3+ Kb6 37. Nf2 Kc5 38. Nd3+ Kb6 1/2-1/2

[Event "33. Open Barbera del Valles 2010"]
[Site "Barbera del Valles ESP"]
[Date "2010.07.09"]
[Round "6.8"]
[White "Fenollar Jorda, Manuel"]
[Black "Abreu Delgado, Aryam"]
[Result "1/2-1/2"]
[WhiteElo "2369"]
[BlackElo "2474"]
[PlyCount "38"]
[EventDate "2010.07.04"]
[EventType "swiss"]
[EventRounds "9"]
[EventCountry "ESP"]
[Source "lmi"]
[SourceDate "2010.07.04"]

1. d4 Nf6 2. c4 g6 3. Nc3 d5 4. Bf4 Bg7 5. e3 O-O 6. cxd5 Nxd5 7. Nxd5 Qxd5 8.
Bxc7 Na6 9. Bxa6 bxa6 10. Nf3 Qb7 11. Bg3 Qxb2 12. O-O Be6 13. Qa4 Rfc8 14.
Rfb1 Qe2 15. Qa3 Bf8 16. Re1 Qb5 17. Reb1 Qe2 18. Re1 Qb5 19. Reb1 Qe2 1/2-1/2

[Event "33. Open Barbera del Valles 2010"]
[Site "Barbera del Valles ESP"]
[Date "2010.07.09"]
[Round "6.9"]
[White "Rahal, Michael A"]
[Black "Aloma Vidal, Robert"]
[Result "0-1"]
[WhiteElo "2344"]
[BlackElo "2445"]
[PlyCount "68"]
[EventDate "2010.07.04"]
[EventType "swiss"]
[EventRounds "9"]
[EventCountry "ESP"]
[Source "lmi"]
[SourceDate "2010.07.04"]

1. e4 Nf6 2. e5 Nd5 3. d4 d6 4. c4 Nb6 5. exd6 exd6 6. Nc3 Nc6 7. d5 Ne5 8. Be2
Be7 9. Nf3 O-O 10. Nxe5 dxe5 11. O-O f5 12. b3 Nd7 13. Bb2 Bf6 14. Qd2 e4 15.
f3 Qe7 16. fxe4 fxe4 17. Rad1 Be5 18. Rxf8+ Nxf8 19. Nb5 e3 20. Qc2 Ng6 21.
Bxe5 Qxe5 22. Qc3 Qg5 23. Nxc7 Nf4 24. Bf3 Bg4 25. h4 Bxf3 26. hxg5 Ne2+ 27.
Kf1 Nxc3 28. Re1 e2+ 29. Kf2 Rc8 30. gxf3 Rxc7 31. Rc1 Nxa2 32. Rc2 Re7 33. Ke1
Nb4 34. Rd2 Re3 0-1

[Event "33. Open Barbera del Valles 2010"]
[Site "Barbera del Valles ESP"]
[Date "2010.07.09"]
[Round "6.11"]
[White "Mihailovs, Jurijs"]
[Black "Cruz Lledo, Pablo"]
[Result "1/2-1/2"]
[WhiteElo "2405"]
[BlackElo "2239"]
[PlyCount "47"]
[EventDate "2010.07.04"]
[EventType "swiss"]
[EventRounds "9"]
[EventCountry "ESP"]
[Source "lmi"]
[SourceDate "2010.07.04"]

1. d4 d5 2. c4 c6 3. Nc3 Nf6 4. e3 Bf5 5. cxd5 cxd5 6. Qb3 Bc8 7. Nf3 e6 8. Bd2
Nc6 9. Rc1 Bd6 10. Bd3 Bd7 11. a3 Na5 12. Qa2 Rc8 13. Nb5 Rxc1+ 14. Bxc1 Bxb5
15. Bxb5+ Ke7 16. O-O Qb6 17. Bd3 Rc8 18. Nd2 Rc6 19. b4 Nc4 20. Nxc4 dxc4 21.
Bc2 a5 22. bxa5 Qxa5 23. e4 e5 24. dxe5 1/2-1/2

[Event "33. Open Barbera del Valles 2010"]
[Site "Barbera del Valles ESP"]
[Date "2010.07.09"]
[Round "6.12"]
[White "Munoz Pantoja, Miguel"]
[Black "Gomez Jurado, Luis Alberto"]
[Result "0-1"]
[WhiteElo "2494"]
[BlackElo "2287"]
[PlyCount "106"]
[EventDate "2010.07.04"]
[EventType "swiss"]
[EventRounds "9"]
[EventCountry "ESP"]
[Source "lmi"]
[SourceDate "2010.07.04"]

1. g3 d5 2. Bg2 Nf6 3. f4 c5 4. Nf3 Nc6 5. O-O Qc7 6. d3 d4 7. c3 Bg4 8. cxd4
cxd4 9. Qa4 Bxf3 10. Bxf3 e6 11. b4 Qd7 12. b5 Ne7 13. Nd2 a6 14. Rb1 Ned5 15.
Bb2 Qxb5 16. Qxb5+ axb5 17. Bxd4 Rxa2 18. Ne4 Nxe4 19. dxe4 Nb4 20. Bc3 Ra4 21.
Kh1 Na2 22. Ba1 b4 23. f5 Nc3 24. Bxc3 bxc3 25. Rxb7 Rc4 26. fxe6 fxe6 27. Ra1
Be7 28. Bg4 c2 29. Rc1 Kf7 30. Kg2 h5 31. Rf1+ Ke8 32. Bxe6 c1=Q 33. Bd7+ Kd8
34. Rxc1 Rxc1 35. Rb8+ Kxd7 36. Rxh8 Rc5 37. h4 Ke6 38. Kf3 Kf7 39. g4 Rc3+ 40.
Kf4 hxg4 41. Kxg4 Re3 42. Kf5 Bf6 43. h5 Rxe2 44. Kf4 Rf2+ 45. Kg3 Rf1 46. h6
g5 47. Ra8 Kg6 48. Ra6 Kh7 49. Re6 Rf4 50. e5 Bh8 51. Re8 Re4 52. e6 Bf6 53.
Kf3 Re5 0-1

[Event "33. Open Barbera del Valles 2010"]
[Site "Barbera del Valles ESP"]
[Date "2010.07.09"]
[Round "6.14"]
[White "Lorenzo De La Riva, Lazaro"]
[Black "Vilela De Acuna, Jose Luis"]
[Result "1-0"]
[WhiteElo "2407"]
[BlackElo "2329"]
[PlyCount "63"]
[EventDate "2010.07.04"]
[EventType "swiss"]
[EventRounds "9"]
[EventCountry "ESP"]
[Source "lmi"]
[SourceDate "2010.07.04"]

1. e4 c5 2. Ne2 e6 3. d4 cxd4 4. Nxd4 a6 5. Bd3 Bc5 6. Nb3 Ba7 7. Qe2 Nc6 8.
Be3 Nge7 9. Bxa7 Rxa7 10. N1d2 d6 11. O-O-O b5 12. f4 O-O 13. Kb1 Nb4 14. Nf3
Nxd3 15. Rxd3 Rd7 16. Rhd1 Qb6 17. Ng5 h6 18. Nh3 Bb7 19. g4 Ng6 20. f5 Ne5 21.
Rg3 g5 22. Nf2 Rc8 23. h4 exf5 24. gxf5 f6 25. hxg5 fxg5 26. Nd4 Rh7 27. Ne6
Re8 28. Ng4 Nxg4 29. Qxg4 Bc8 30. Qh5 Ree7 31. Qg6+ Kh8 32. Qf6+ 1-0

[Event "33. Open Barbera del Valles 2010"]
[Site "Barbera del Valles ESP"]
[Date "2010.07.09"]
[Round "6.15"]
[White "Uribe Arteaga, Daniel"]
[Black "Vehi Bach, Victor Manuel"]
[Result "0-1"]
[WhiteElo "2233"]
[BlackElo "2405"]
[PlyCount "88"]
[EventDate "2010.07.04"]
[EventType "swiss"]
[EventRounds "9"]
[EventCountry "ESP"]
[Source "lmi"]
[SourceDate "2010.07.04"]

1. e4 c5 2. Nf3 e6 3. d3 Nc6 4. g3 d5 5. Qe2 Nf6 6. Bg2 Be7 7. e5 Nd7 8. O-O
O-O 9. c4 a6 10. h4 b5 11. Bf4 Nb6 12. b3 f5 13. Nbd2 Bd7 14. h5 Be8 15. h6 g5
16. cxd5 Nxd5 17. Be3 Nc3 18. Qe1 f4 19. gxf4 gxf4 20. Nb1 Nxb1 21. Bc1 Qxd3
22. Bb2 Bg6 23. Qc1 Rac8 24. Rd1 Qf5 25. Rxb1 Qxb1 26. Qxb1 Bxb1 27. Rxb1 Nb4
28. Bh3 Kf7 29. Bc1 Rg8+ 30. Kf1 Nd5 31. Bd2 Rg6 32. Ke2 Rxh6 33. Bg4 Rg8 34.
Rg1 Kf8 35. Kf1 Rhg6 36. Bh3 Rxg1+ 37. Nxg1 Kf7 38. Ne2 Bg5 39. Ng1 c4 40. Nf3
c3 41. Bc1 Nb4 42. Nd4 Rg6 43. Bg4 Nxa2 44. Ba3 b4 0-1

[Event "33. Open Barbera del Valles 2010"]
[Site "Barbera del Valles ESP"]
[Date "2010.07.09"]
[Round "6.16"]
[White "Randazzo, Adrian"]
[Black "Mestre Bellido, Hector"]
[Result "1/2-1/2"]
[WhiteElo "2243"]
[BlackElo "2404"]
[PlyCount "50"]
[EventDate "2010.07.04"]
[EventType "swiss"]
[EventRounds "9"]
[EventCountry "ESP"]
[Source "lmi"]
[SourceDate "2010.07.04"]

1. e4 e5 2. Nf3 d6 3. d4 Nd7 4. Nc3 c6 5. Bc4 Be7 6. a4 a5 7. Be3 Ngf6 8. dxe5
Nxe5 9. Nxe5 dxe5 10. Qxd8+ Bxd8 11. f3 Be7 12. O-O Nd7 13. Rfd1 Bc5 14. Bxc5
Nxc5 15. Rd2 Be6 16. Bxe6 Nxe6 17. Ne2 Ke7 18. Rad1 Rhd8 19. Rxd8 Nxd8 20. Kf2
Ne6 21. Ke3 Nc5 22. b3 g6 23. g3 Re8 24. Kf2 Na6 25. Nc1 Nc5 1/2-1/2